Ahmet Caferoğlu'nun eserleri

Elmentve itt :
Bibliográfiai részletek
Szerző: Eckmann János
További közreműködők: Caferoğlu Ahmet
Dokumentumtípus: Cikk
Megjelent: Edebiyat Fakültesi Basımevi İstanbul 1959
Sorozat:İstanbul Üniversitesi Edebiyat Fakültesi Türk Dili ve Edebiyatı Dergisi
Kulcsszavak:Nyelvtudomány - török - 20. sz. - bibliográfia, Turkológia - bibliográfia
Tárgyszavak:
Online Access:http://misc.bibl.u-szeged.hu/62275
LEADER 00895nab a2200229 i 4500
001 misc62275
005 20221103132125.0
008 220127s1959 hu o 0|| tur d
040 |a SZTE Miscellanea Repozitórium  |b hun 
041 |a tur 
100 1 |a Eckmann János 
245 1 0 |a Ahmet Caferoğlu'nun eserleri  |h [elektronikus dokumentum] /  |c  Eckmann János 
260 |a Edebiyat Fakültesi Basımevi  |b İstanbul  |c 1959 
300 |a [18] p.  |c 24 cm 
490 0 |a İstanbul Üniversitesi Edebiyat Fakültesi Türk Dili ve Edebiyatı Dergisi 
561 |a Németh Gyula hagyaték 
591 |a LOA 900; XKEK 2755 
650 4 |a Bölcsészettudományok 
650 4 |a Nyelvek és irodalom 
695 |a Nyelvtudomány - török - 20. sz. - bibliográfia, Turkológia - bibliográfia 
700 0 1 |a Caferoğlu Ahmet 
856 4 0 |u http://misc.bibl.u-szeged.hu/62275/1/1430_noa_e13.pdf  |z Dokumentum-elérés